000 00310nam a22001337a 4500
008 181024b xxu||||| |||| 00| 0 eng d
020 _a9789814577014
041 _aeng
080 _28 ED
_a159.9
100 _a49
101 _aPSI
245 _aPsylogical Testing And Assesment
_cCohen.R
942 _2udc
_cBK
999 _c50773
_d50773